000 00190 a2200097 4500
020 _a9780817453916
041 _aeng
100 _aBryan peterson
245 _aBeyond Portraiture
942 _cBK
999 _c30945
_d30943